000 00306nam a22001457a 4500
008 210225b ||||| |||| 00| 0 eng d
020 _a9780888846686
041 _aeng
080 _a7
082 _a7
100 _a45
101 _aART
245 _aRenoirs Portraits
_cBailey, C. B
942 _2udc
_cBK
999 _c55210
_d55210